000 00653nam a22001697a 4500
005 20251108164359.0
008 250721s1988 xx 000 0 ara d
082 1 4 _a956.0441/ديا
100 1 _aأبو دياك، صالح محمد
245 1 0 _aالوجيز في تاريخ المغرب و الأندلس من الفتح إلى بداية عصر المرابطين و ملوك الطوائف :
_bدراسة سياسية و حضارية /
264 1 _aاربد :
_bمكتبة الكتاني،
_c1988.
300 _a437ص
650 1 7 _aتاريخ الأندلس 711-1492
650 1 7 _aتاريخ المغرب
942 _2ddc
_cBK
999 _c10745
_d10745